000 00839nam a2200217Ia 4500
999 _c38083
_d38083
001 4070
003 GE_BSU
005 20191002144838.0
008 181216s1974||||ge |||||||||||||| ||geo||
040 _cGE_BSU
041 _ageo
080 _a2 გ–29
100 _aგელაშვილი, ა.
_93747
245 _aსამყარო, ღმერთი და ადამიანი /
_cრედ. რ. მეგრელიშვილი.
264 _aთბ. :
_bსაბჭ. საქართველო,
_c1974.
300 _a137 გვ. ;
_b20 სმ.
653 _aსამყარო; ღმერთის არსებობა
653 _aადამიანის შექმნა
700 _aმეგრელიშვილი, რ.
_eრედაქტორი
_93748
942 _cBK
_2udc